Matematika náhody
Enregistré dans:
| Auteur principal: | |
|---|---|
| Format: | Livre |
| Langue: | tchèque |
| Publié: |
Praha
Matfyzpress
2003
|
| Édition: | 2. vyd. |
| Sujets: | |
| Accès en ligne: | Voir à l'OPAC |
| Tags: |
Pas de tags, Soyez le premier à ajouter un tag!
|
MARC
| LEADER | 00000nam a2200000 a 4500 | ||
|---|---|---|---|
| 005 | 20260127133948.0 | ||
| 008 | 060109 2003 xr 000 0 cze d | ||
| 020 | |a 808673207X | ||
| 035 | |a vtls008422553 | ||
| 039 | 9 | |a 201502141719 |b csnk01 |y 200601091039 |z mschk03 | |
| 040 | |a STUSCHK1 |b slo |c STUSCHK1 |e AACR2 | ||
| 080 | |a 519.2 | ||
| 100 | 1 | |a Anděl, Jiří, |d 1939- |9 1009 | |
| 245 | 1 | |a Matematika náhody | |
| 250 | |a 2. vyd. | ||
| 260 | |a Praha |b Matfyzpress |c 2003 | ||
| 300 | |a 273 s. | ||
| 650 | 0 | |a matematika | |
| 910 | |a SCHK95 | ||
| 919 | |a 80-86732-07-X | ||
| 999 | |c 994 |d 994 | ||